BIBLIOTECA PODER JUDICIAL
Portal Judicial TDF

El dolo y la imprudencia como títulos de imputación / (Registro nro. 5534)

000 -LEADER
fixed length control field 01043nab a22002417a 4500
003 - CONTROL NUMBER IDENTIFIER
control field OSt
005 - DATE AND TIME OF LATEST TRANSACTION
control field 20251215135215.0
008 - FIXED-LENGTH DATA ELEMENTS--GENERAL INFORMATION
fixed length control field 190429b xxu||||| |||| 00| 0 spa d
040 ## - CATALOGING SOURCE
Transcribing agency PJ
100 ## - MAIN ENTRY--PERSONAL NAME
Personal name Falcone, Roberto (h.)
9 (RLIN) 4067
245 13 - TITLE STATEMENT
Title El dolo y la imprudencia como títulos de imputación /
Statement of responsibility, etc Roberto Falcone (h.).
260 ## - PUBLICATION, DISTRIBUTION, ETC. (IMPRINT)
Date of publication, distribution, etc Ciudad Autónoma de Buenos Aires :
Place of publication, distribution, etc Thomson Reuters La Ley,
Name of publisher, distributor, etc 2025.
300 ## - PHYSICAL DESCRIPTION
Extent p. 26-40
500 ## - GENERAL NOTE
General note Cita: AR/DOC/172/2025.
505 ## - FORMATTED CONTENTS NOTE
Formatted contents note Sumario: I. El dolo como objeto de adscripción.— II. Algunas notas salientes de la imprudencia como criterio de imputación extraordinaria.
505 ## - FORMATTED CONTENTS NOTE
Title Si te interesa el texto completo, solicitalo a koha@justierradelfuego.gov.ar
650 #0 - SUBJECT ADDED ENTRY--TOPICAL TERM
9 (RLIN) 343
Topical term or geographic name as entry element DERECHO PENAL
650 #0 - SUBJECT ADDED ENTRY--TOPICAL TERM
9 (RLIN) 2693
Topical term or geographic name as entry element DOLO
650 #0 - SUBJECT ADDED ENTRY--TOPICAL TERM
9 (RLIN) 4068
Topical term or geographic name as entry element IMPRUDENCIA
650 #0 - SUBJECT ADDED ENTRY--TOPICAL TERM
9 (RLIN) 2718
Topical term or geographic name as entry element SITUACIÓN DEL IMPUTADO
773 0# - HOST ITEM ENTRY
Host Biblionumber 2658
Host Itemnumber 3164
Title Revista de derecho penal y criminología. Nº 2 - Marzo 2025
Place, publisher, and date of publication Ciudad Autónoma de Buenos Aires : Thomson Reuters La Ley, 2017-
International Standard Serial Number 00347914
942 ## - ADDED ENTRY ELEMENTS (KOHA)
Source of classification or shelving scheme
Koha item type Analítica Artículo de Revista

No hay ítems disponibles.

12 de Octubre 789 Ushuaia - Tel:  54(02901)441571
Horario de Atención: 8.00 a 17.00 hs. 
bibliotecaush@justierradelfuego.gov.ar
koha@justierradelfuego.gov.ar
Seguinos en nuestras redes @bibliojustdf 

Con tecnología Koha